000 00315nam a2200133 i 4500
001 bg
100 1 _aWÓJCIK, Ryszard
245 0 _aCzy bohaterowie są zmęczeni? /
_cRyszard Wójcik.
260 _aWarszawa,
_c1975.
040 _cBPK
041 _apol
942 _cKS
008 s pl f |000 0 pol
999 _c26875
_d26875
856 _uhttp://koha.tu.koszalin.pl/cgi-bin/koha/opac-detail.pl?biblionumber=26875
_yKatalog online BPK